| 000 | 00582nam a22001577a 4500 | ||
|---|---|---|---|
| 003 | macl | ||
| 005 | 20200215131103.0 | ||
| 008 | 200215b xxu||||| |||| 00| 0 eng d | ||
| 040 | _cmacl | ||
| 100 |
_aशुक्ला चन्द्र प्रकाश _978225 |
||
| 245 | _aवनस्पतिक विविधता | ||
| 260 |
_aइलाहाबाद _bआचार्य प्रकाशन _c2016 |
||
| 600 |
_aचन्द्र प्रकाश शुक्ला _971940 |
||
| 650 |
_aवनस्पति विज्ञान _952598 |
||
| 942 |
_2ddc _cHIN |
||
| 999 |
_c62088 _d62088 |
||